000 00712nam a2200265Ia 4500
003 OSt
005 20221006150741.0
006 a|||||r|||| 00| 0
007 ta
008 221006b |||||||| |||| 00| 0 jpn d
020 _c¥4800
024 _a19,669
037 _bGift, Japan Foundation
_cTextual
040 _aEASL
_cEASL
_bjpn
041 _2jpn
_ajpn
082 _aT4.42.N8, M4
100 _aEHARA Takekayu
_9657497
245 0 _aGendai koto kyoiku no koyo
260 _aTokyo
_bUniversity Press Japan
_c1984
300 _a297p.
_ccm.
490 _v JL
650 _aJL
942 _hT4.42.N8, M4
_cTEXL
_2CC
999 _c1087755
_d1087755